|
|
|
|
| LEADER |
00000cam a2200000 a 4500 |
| 001 |
vtls008382244 |
| 003 |
SK-MaSNL |
| 005 |
20260311130323.0 |
| 008 |
011101s1925 xo grn 000 0 cze |
| 015 |
|
|
|a SNBA19191938-001045
|
| 020 |
|
|
|q (brož.)
|
| 035 |
|
|
|a SK01SNKBIKKM20010074461
|
| 035 |
|
|
|a SKM000076924
|
| 040 |
|
|
|a SNK
|b slo
|c SNK
|e AACR2
|
| 041 |
0 |
|
|a cze
|
| 043 |
|
|
|a e-cs---
|
| 044 |
|
|
|a xo
|c SK
|
| 072 |
|
7 |
|a 35
|x Verejná správa
|2 konspekt
|
| 080 |
|
|
|a 35
|2 2011
|
| 080 |
|
|
|a (437)
|2 2011
|
| 080 |
|
|
|a (048.8)
|2 2011
|
| 100 |
1 |
|
|a Laštovka, Karel,
|d 1876-1941
|4 aut
|9 37922
|
| 245 |
1 |
0 |
|a Vývoj organisace veřejné správy v republice československé
|c Karel Laštovka
|
| 260 |
|
|
|a Bratislava
|b Academia
|c 1925
|e Bratislava
|f Slov. Grafia
|
| 300 |
|
|
|a 38, [1] s.
|c 22 cm
|
| 490 |
1 |
|
|a Sbírka přednášek a rozprav extense UK v Bratislavě
|v zv. 4
|
| 504 |
|
|
|a Obsahuje bibliografické odkazy
|
| 650 |
0 |
7 |
|a verejná správa
|2 SNKPH
|9 1538
|
| 651 |
|
7 |
|a Československo
|2 SNKPHgeo
|9 21376
|
| 655 |
|
7 |
|a monografie
|2 SNKPH
|9 70139
|
| 830 |
|
0 |
|a Sbírka přednášek a rozprav extense UK v Bratislavě
|9 356492
|
| 852 |
|
|
|a Slovenská národná knižnica
|
| 954 |
|
|
|a odborná, vedecká literatúra cudzojazyčná (svetová)
|2 lita
|
| 954 |
|
|
|a odborná, vedecká literatúra pôvodná (slovenská)
|2 lita
|
| 958 |
|
|
|a RK
|
| 958 |
|
|
|a NB
|
| 958 |
|
|
|a ONDV
|
| 999 |
|
|
|c 736439
|d 738369
|
| 952 |
|
|
|a SNK
|b SNK
|y PREZ
|7 0
|p 17A0715502
|o snkSC 983/4
|i snk731/33
|0 0
|1 0
|4 0
|d 2013-05-13
|f 1
|l 0
|r 2025-06-04 00:00:00
|w 2026-02-23
|
| 952 |
|
|
|a SNK
|b SNK
|y VYP
|7 0
|p 17A0163941
|o snkSC 983/4 D1
|i snkK 2319/61
|8 3
|0 0
|1 0
|4 0
|d 1998-10-02
|l 0
|r 2005-01-02 00:00:00
|w 2026-02-23
|
| 952 |
|
|
|a SNK
|b SNK
|y VYP
|7 0
|p 17A0350197
|o snkSC 983/4 D2
|i snkD 704/69
|8 1
|0 0
|1 0
|4 0
|d 2002-08-13
|l 0
|r 2005-01-02 00:00:00
|w 2026-02-23
|